Composition du Nasdaq 100 - Statistiques

Statistiques générales
  • Ce quiz a été pris 25 fois
  • Le résultat moyen est 11 sur 100
Statistiques - réponses
Secteur Entrée Société % Correct
E-commerce, cloud 2005 Amazon
95%
Matériel informatique, logiciels 1985 Apple
95%
Services internet, publicité 2005 Alphabet
86%
Semi-conducteurs 1999 Nvidia
81%
Résaux sociaux, publicité 2013 Meta
76%
Logiciels, cloud 1995 Microsoft
76%
Boissons 2012 Coca-Cola Europacific
71%
Véhicules électriques 2020 Tesla
62%
Semi-conducteur 1985 Intel
43%
Boissons énergisantes 2003 Monster Beverage
38%
Streaming vidéo 2002 Netflix
38%
Équipements médicaux 2023 General Electric Healthcare
29%
Paiments numériques 2015 Paypal
24%
Boissons 1987 PepsiCo
24%
Semi-conducteurs 1995 AMD
19%
Machine de lithographie 2003 ASML
19%
Cybersécurité 2024 Crowdstrike
19%
Jeux vidéo 2002 Electronic Arts
19%
Logiciels, cloud 1996 Adobe
14%
Location immobilière 2020 Airbnb
14%
Semi-conducteurs 2009 Broadcom
14%
Réseaux, télécommunications 1993 Cisco
14%
Grande distribution 1999 Costco
14%
Analyse de données gouvernementales 2020 Palantir
14%
Semi-conducteurs 1999 Qualcomm
14%
Chaîne de restauration rapide 1999 Starbucks
14%
Locations, voyages 2005 Booking
10%
E-commerce 2017 Shopify
10%
Biotechnologie 1988 Amgen
5%
Semi-conducteurs 1995 Applied Materials
5%
Pharmacie 2023 AstraZeneca
5%
Médias, télécommunications 2001 Comcast
5%
Énergie nucléaire 2024 Constellation
5%
Cloud 2021 Datadog
5%
Livraison de repas 2021 Doordash
5%
Cybersécurité 2014 Fortinet
5%
Semi-conducteurs 1999 KLA
5%
Agroalimentaire 2015 Kraft Heinz
5%
Semi-conducteurs 1995 LAM Research
5%
Gaz industriels 2019 Linde
5%
Cybersécurité 2021 Palo Alto Network
5%
Logiciels, semi-conducteurs 2013 Synopsys
5%
Jeux vidéo 2002 Take-two
5%
Semi-conducteurs, analogique 1999 Texas Instruments
5%
Agence de presse 2024 Thomson Reuters
5%
Télécommunications 2020 T-Mobile
5%
Médias, cinéma, streaming vidéo 2022 Warner Bros
5%
Stockage de données 1998 Western
5%
Logiciels 2014 Workday
5%
Biotechnologie 2013 Alnylam
0%
Électricité 2021 American Electric Power
0%
Semi-conducteurs 1999 Analog
0%
Publicité mobile, jeux 2021 Applovin
0%
Semi-conducteurs 2023 ARM
0%
Logiciels 2021 Atlassian
0%
Logiciels 1993 Autodesk
0%
Ressources humaines 1990 Automatic Data Processing
0%
Équipements de sécurité 2023 Axon
0%
Industrie pétrolière 2017 Baker Hughes
0%
Logiciels 1999 Cadence
0%
Télécommunications 2013 Charter
0%
Services uniformes 1992 Cintas
0%
Consulting 2009 Cognizant
0%
Véhicules d'occasion 2004 Copart
0%
Données immobilières 2020 Costar
0%
Transport ferroviaire 1999 CSX
0%
Dispositifs médicaux 2015 Dexcom
0%
Industrie pétrolière 2024 Diamondback
0%
Électricité 2001 Exelon
0%
Distribution industrielle 1987 Fastenal
0%
Infrastructures 2024 Ferrovial
0%
Pharmaceutique 2004 Gilead Sciences
0%
Conglomérat industriel et aérospatial 2020 Honeywell
0%
Vétérinaires 2016 Idexx
0%
Biotechnologie 2024 Insmed
0%
Logiciels de comptabilité 1999 Intuit
0%
Robotique chirurgicale 2005 Intuitive Surgical
0%
Boissons 2018 Keurig Dr Pepper
0%
Hôtellerie 2021 Marriott
0%
Semi-conducteurs 2001 Marvell
0%
E-commerce 2007 Mercadoliobre
0%
Semi-conducteurs 1995 Microchip
0%
Semi-conducteurs 1998 Micron
0%
Biscuits, chocolat 2012 Mondelez
0%
Semi-conducteurs 2021 Monolithic
0%
Semi-conducteurs 2011 NXP
0%
Transport routier 2022 Old Dominion
0%
Pièces automobiles 2017 O'Reilly Automotive
0%
Semi-remorques 1987 Paccar
0%
Ressources humaines 2001 Paychex
0%
E-commerce 2022 PDD
0%
Biotechnologie 2013 Regeneron Pharmaceuticals
0%
Automatisation 2007 Roper Technologies
0%
Vente au détail 2009 Ross Stores
0%
Stockage de données 1998 Seagate Technologie
0%
Logiciels 2024 Strategy
0%
Analyses de données 2009 Verisk Analytics
0%
Biotechnologie 2010 Vertex Pharmaceuticals
0%
Électricité 2021 Xcel Energy
0%
Cybersécurité 2020 Zscaler
0%
Aucun quiz correspondant
Distribution des résultats
% des personnes avec chaque résultat
Percentile par nombre de réponses
Votre historique - résultats
Vous n’avez pas pris ce quiz